000 01291cam a2200241 4500
001 ABS67068
008 030912n2003 000 0 eng u
035 _a(Sirsi) u123580
245 _aSpecial reports: top 60 firms survey
260 _c2003
490 _aAccountancy
_v132(1319) July 2003, 25-36(9)
520 _aSeries of articles from the "Accountancy" annual top 60 league table of accountancy firms shows that growth has fallen. Firms are ranked by: fee income; previous year's income; percentage change; male and female partners; total partners, fee/partners ratio; number of UK offices; LLP and year end. Article also reveals the best and worst performances and where the firms' fee income comes from. Lists the top 20 audit and accountancy firms, tax firms, corporate recovery and consultancy firms. Reports that although the majority of accountancy students are female, very few reach partnership level. Concludes with interviews with some female partners in accountancy firms.
590 _aABS
650 _aACCOUNTANCY FIRMS
650 _aFEE INCOME
650 _aRANKINGS
650 _aACQUISITIONS
650 _aACCOUNTANCY PROFESSION
650 _aWOMEN
650 _aDISPOSALS
690 _aMANAGEMENT-BUSINESS MANAGEMENT-FINANCIAL MANAGEMENT
942 _n0
999 _c73398
_d73398